Central Library and Information Centre
Sibsagar Girls' College, Sivasagar : Assam

PYGMANTATION (Record no. 22302)

MARC details
000 -LEADER
fixed length control field 00338cam a2200145ua 4500
005 - DATE AND TIME OF LATEST TRANSACTION
control field 20230726111701.0
008 - FIXED-LENGTH DATA ELEMENTS--GENERAL INFORMATION
fixed length control field 191229n II |||gr||||Z||||||eng
020 ## - INTERNATIONAL STANDARD BOOK NUMBER
International Standard Book Number 9788183162265
040 ## - CATALOGING SOURCE
Original cataloging agency MAIN
Transcribing agency
082 ## - DEWEY DECIMAL CLASSIFICATION NUMBER
Classification number 375.001 ARU
100 ## - MAIN ENTRY--PERSONAL NAME
Personal name BARNARD SHOW
245 ## - TITLE STATEMENT
Title PYGMANTATION
942 ## - ADDED ENTRY ELEMENTS (KOHA)
Koha item type Books
Source of classification or shelving scheme Dewey Decimal Classification
653 ## - INDEX TERM--UNCONTROLLED
Uncontrolled term CURRICULAM DEVELOPMENT
Holdings
Withdrawn status Lost status Source of classification or shelving scheme Damaged status Not for loan Home library Current library Shelving location Date acquired Total Checkouts Full call number Date last seen Price effective from Koha item type
    Dewey Decimal Classification     Central Library and Information Centre Sibsagar Girls College Central Library and Information Centre Sibsagar Girls College English Rack 26.07.2023   375.001 ARU 26.07.2023 26.07.2023 Books


Sibsagar Girl's College © 2020. All rights reserved.
Powered by Koha.
Maintained by Abhijit Borpuzari.